ARRUPE JESUIT UNIVERSITY

CORONAVIRUS -STOP THE SPREAD - CLEAN,DISINFECT,COVER
Normal view MARC view

Entry Personal Name

Number of records used in: 1

001 - CONTROL NUMBER

  • control field: 49651

003 - CONTROL NUMBER IDENTIFIER

  • control field: ARRUPE

005 - DATE AND TIME OF LATEST TRANSACTION

  • control field: 20200313094951.0

008 - FIXED-LENGTH DATA ELEMENTS

  • fixed length control field: 200313|| aca||aabn | a|a d

040 ## - CATALOGING SOURCE

  • Original cataloging agency: ARRUPE
  • Transcribing agency: ARRUPE

100 ## - HEADING--PERSONAL NAME

  • Personal name: translation with introduction and notes by Theodor H. Gaster , Gaster, Theodor H

670 ## - SOURCE DATA FOUND

  • Source citation: Work cat.: (ARRUPE)40886: The Dead Sea scriptures, in English = Dead Sea Scrolls. English

 

Arrupe Library. PO Box MP320 Mt Pleasant, Harare, Zimbabwe
263 242 745411|librarian@aju.ac.zw